000 00674nam a2200205Ii 4500
003 JO-AjNU
008 230605s9999||||xx |||||||||||||| ||und||
017 _a2008/8/3020
040 _aJO-AjNU
_bara
_erda
_cJO-AjNU
041 _aara
050 1 4 _aPJ7846.A7.Z525 2008
100 3 _aجمع وتقديم أبولبن، ياد,
_eauthor
_948758
245 0 0 _aنديم الملاح.. أوراق مطوية
264 3 1 _aعمان:وزارة الثقافة،2008
300 _a144ص
336 _atext
_btxt
_2rdacontent
337 _aunmediated
_bn
_2rdamedia
338 _avolume
_bnc
_2rdacarrier
650 4 _a الأدباء العرب - الأردن - تراجم
_948759
999 _aA21374
_c24942
_d24942